MARC

LEADER 00000nas a2200000 a 4500
001 ssj0011867
003 WaSeSS
005 20200512172242.0
006 m d
007 cr n
008 011218c19599999txuqr p s 0 0eng c
010 |a  2007228682 
015 |a GBB080421  |2 bnb 
016 7 |a 014940146  |2 Uk 
016 7 |a 2066547 7  |2 DE-600 
016 7 |a 2066547 -7  |2 DE-600 
022 |a 2040-4867  |l 0021-969X  |y 0021-969X 
035 |a (WaSeSS)ssj0011867 
037 |a 22573/cts9jzzx  |b JSTOR 
040 |a FPS  |b eng  |c FPS  |d OCLCQ  |d EYM  |d DOS  |d NSD  |d UKMGB  |d OCLCQ  |d AGL  |d OCLCF  |d RIV  |d TEF  |d OCLCQ  |d UUM  |d NLE  |d VT2  |d MUX  |d OCLCE  |d AUM  |d LND  |d FIE  |d YOR  |d CEF  |d CSU  |d LIP  |d XFH  |d WT2  |d WaSeSS 
042 |a pcc 
050 1 4 |a BV630.A1  |b J6 
070 0 |a BV630.A1  |b J68 
082 0 4 |a 322/.1/05 
222 0 |a Journal of church and state  |b (Online) 
245 0 2 |a A journal of church and state  |h [electronic resource]. 
246 1 3 |a Church and state 
246 1 3 |a JCS 
246 1 3 |a J. Church & St 
260 |a [Waco, Tex.] :  |b J.M. Dawson Studies in Church and State 
310 |a Quarterly,  |b <1992-> 
321 |a Semiannual,  |b 1959-1964 
321 |a Three no. a year,  |b 1965- 
362 1 |a Began with vol. 1, no. 1 (Nov. 1959). 
506 |a License restrictions may limit access. 
550 |a Volumes for <1986-> issued by: J.M. Dawson Institute of Church-State Studies of Baylor University. 
588 |a Description based on first issue; title from table of contents page (Hein Online, viewed Oct. 3, 2007). 
588 |a Latest issue consulted: Vol. 55, no. 1 (winter 2013); viewed Apr. 4, 2013. 
650 0 |a Church and state  |v Periodicals. 
650 7 |a Church and state.  |2 fast  |0 (OCoLC)fst00860509 
650 6 |a Église et État  |v Périodiques. 
653 0 |a Law  |a Philosophy and religion  |a Political science 
655 0 |a Electronic journals. 
710 2 |a Baylor University.  |b J.M. Dawson Studies in Church and State. 
710 2 |a Baylor University.  |b Institute of Church-State Studies. 
776 0 8 |i Print version:  |t Journal of church and state  |x 0021-969X  |w (DLC) 64001440  |w (OCoLC)1586802 
856 4 0 |z Full text available from Research Library: 07/01/1997 to 10/31/2013  |u https://search.proquest.com/publication/31963